Biometrics personal identification in networked society(E-BOOK) (Record no. 193011)

000 -LEADER
fixed length control field 00998 a2200301 4500
003 - CONTROL NUMBER IDENTIFIER
control field Nust
005 - DATE AND TIME OF LATEST TRANSACTION
control field 20170207154049.0
020 ## - INTERNATIONAL STANDARD BOOK NUMBER
International Standard Book Number 0-306-47044-6 (electronic bk.)
020 ## - INTERNATIONAL STANDARD BOOK NUMBER
International Standard Book Number 978-0-306-47044-8 (electronic bk.)
035 ## - SYSTEM CONTROL NUMBER
System control number (OCoLC)50322388
035 ## - SYSTEM CONTROL NUMBER
System control number (OCoLC)ocm50322388
040 ## - CATALOGING SOURCE
Transcribing agency Nust
082 04 - DEWEY DECIMAL CLASSIFICATION NUMBER
Classification number 006.4
245 00 - TITLE STATEMENT
Title Biometrics personal identification in networked society(E-BOOK)
Statement of responsibility, etc. edited by Anil K. Jain and Ruud Bolle and Sharath Pankanti.
260 ## - PUBLICATION, DISTRIBUTION, ETC.
Place of publication, distribution, etc. New York :
Name of publisher, distributor, etc. Kluwer,
Date of publication, distribution, etc. c2002.
300 ## - PHYSICAL DESCRIPTION
Extent x, 411 p. :
Other physical details ill. (some col.) ;
Dimensions 25 cm.
440 #4 - SERIES STATEMENT/ADDED ENTRY--TITLE
Title The Kluwer international series in engineering and computer science ;
Volume/sequential designation SECS 479
650 #0 - SUBJECT ADDED ENTRY--TOPICAL TERM
Topical term or geographic name entry element Biometric identification.
650 #0 - SUBJECT ADDED ENTRY--TOPICAL TERM
Topical term or geographic name entry element Computer vision.
650 #0 - SUBJECT ADDED ENTRY--TOPICAL TERM
Topical term or geographic name entry element Identification
General subdivision Automation.
650 #0 - SUBJECT ADDED ENTRY--TOPICAL TERM
Topical term or geographic name entry element Pattern recognition systems.
651 ## - SUBJECT ADDED ENTRY--GEOGRAPHIC NAME
Geographic name E-BOOK
655 #7 - INDEX TERM--GENRE/FORM
Genre/form data or focus term Electronic books.
700 1# - ADDED ENTRY--PERSONAL NAME
Personal name Bolle, Ruud.
700 1# - ADDED ENTRY--PERSONAL NAME
Personal name Jain, Anil K.,
Dates associated with a name 1948-
700 1# - ADDED ENTRY--PERSONAL NAME
Personal name Pankanti, Sharath.
710 2# - ADDED ENTRY--CORPORATE NAME
Corporate name or jurisdiction name as entry element NetLibrary, Inc.
942 ## - ADDED ENTRY ELEMENTS (KOHA)
Source of classification or shelving scheme
Koha item type Book
Holdings
Withdrawn status Lost status Source of classification or shelving scheme Damaged status Not for loan Collection code Permanent Location Current Location Date acquired Total Checkouts Barcode Date last seen Price effective from Koha item type
            Military College of Signals (MCS) Military College of Signals (MCS) 12/12/2016   MCSEB-2239 12/08/2016 12/12/2016 Book
© 2023 Central Library, National University of Sciences and Technology. All Rights Reserved.